000
00242nam a2200097Ia 4500
001
688369
005
20250826161613.0
008
250824s9999 xx 000 0 und d
245
0
_a
GELECEĞE GÜLÜMSE
_c
SITKI ASLANHAN
260
_b
HAYAT YAYINLARI
999
_c
688369
_d
688369